| 000 | 01276na a2200325 4500 | ||
|---|---|---|---|
| 999 |
_c12777 _d12777 |
||
| 001 | 17201 | ||
| 003 | MIRAKIL | ||
| 005 | 20190222171848.0 | ||
| 008 | 161023b tu 000 0 | ||
| 020 | _a9756689552 | ||
| 040 |
_aMilas _btur _cTR-AnCHP |
||
| 041 | _atur | ||
| 082 |
_a345.0263 _bT66t 2004 |
||
| 090 | _a345.0263 T66t 2004 | ||
| 111 |
_aToplumsal Değişim Sürecinde Türk Ceza Kanunu Reformu _cAnkara _d2004 |
||
| 245 |
_aTürk Ceza Kanunu reformu _bToplumsal değişim sürecinde Türk Ceza Kanunu reformu _bPanel 21-22 mayıs 2004 Ankara _cDüzenleyenler Türkiye Barolar Birliği, Gazi Üniversitesi |
||
| 246 | _aToplumsal değişim sürecinde Türk Ceza Kanunu reformu | ||
| 260 |
_aAnkara _bTürkiye Barolar Birliği _c2004 |
||
| 300 |
_axii, 261 s. _c24 sm. |
||
| 490 |
_aTürkiye Barolar Birliği yayınları _v68 |
||
| 650 |
_aSuçlar _xKamu idaresi _zGüvenlik |
||
| 650 |
_aSuçlar _xCinsel dokunulmazlık |
||
| 650 |
_aTürk Ceza Kanunu (TCK) _xDüşünce özgürlüğü |
||
| 650 |
_aTürk Ceza Kanunu (TCK) _xSuç politikası |
||
| 710 | _aGazi Üniversitesi | ||
| 710 | _aTürkiye Barolar Birliği | ||
| 856 | _zDijital Nüshası için Partimizin Kütüphane Sorumlusu ile iletişime geçiniz. | ||
| 942 |
_2ddc _cBKS |
||
| 999 | _d2475 | ||